| 000 | 00779nam a22002177a 4500 | ||
|---|---|---|---|
| 005 | 20250728104611.0 | ||
| 010 | _aHIN-130012 | ||
| 020 | _a9788188820726 | ||
| 035 | _aHN-102358 | ||
| 037 | _bDBAD | ||
| 082 | _a920 | ||
| 100 |
_aसेंगर इन्द्र _983374 |
||
| 245 |
_aभारतीयता की सुगन्ध / _c इन्द्र सेंगर |
||
| 260 |
_aदिल्ली _bरचना पब्लिकेशन्स |
||
| 270 |
_a30/106 , गली न. 7 , विशवास नगर , शाहदरा _bदिल्ली -110032 |
||
| 300 |
_a112पृ. _c22.1सेमी (सजिल्द) |
||
| 700 | _983343 | ||
| 700 | _983344 | ||
| 700 | _983345 | ||
| 942 |
_2ddc _cHN _h920 _mसेंगर |
||
| 999 |
_c212635 _d212635 |
||